Complete stories 1892 - 1898

Sparad:
Bibliografiska uppgifter
Huvudupphovsman: James, Henry
Materialtyp: Bok
Språk:Undetermined
Publicerad: New York, NY The Library of America 1996
Ämnen:
Taggar: Lägg till en tagg
Inga taggar, Lägg till första taggen!
Thư viện lưu trữ: Trung tâm Học liệu Trường Đại học Cần Thơ
LEADER 00541nam a2200193Ia 4500
001 CTU_125550
008 210402s9999 xx 000 0 und d
082 |a 813.4 
082 |b J27 
100 |a James, Henry 
245 0 |a Complete stories 1892 - 1898 
245 0 |c Henry James ; Edited by John Hollander, David Bromwich 
260 |a New York, NY 
260 |b The Library of America 
260 |c 1996 
650 |a Manner and customs 
650 |y Fiction 
904 |i Minh 
980 |a Trung tâm Học liệu Trường Đại học Cần Thơ